000 01659nam a2200409 i 4500
001 193045
003 SpMaBN
005 20250904233805.0
007 ta
008 230726s2004 sp | o||| ||spa
016 7 _abimoBNE20041089727
_2SpMaBN
017 _aAS 2706-2004
_bOficina Depósito Legal Asturias
035 _a(OCoLC)433205656
035 _abimo0001988299
040 _aSpMaBN
_bspa
_cSpMaBN
_erdc
080 _a76 Velasco, Francisco (083.824)
100 _aVelasco, Francisco,
_d1955-
_0XX887214
_9233853
245 1 0 _aCapilla de papel :
_b16 julio-22 agosto 2004 : [Museo Barjola] /
_cFrancisco Velasco ; [textos, María del Mar Díaz González, Juan Martínez Moro, Ángel Antonio Rodríguez]
260 _a[Oviedo] :
_bServicio de Publicaciones del Principado de Asturias,
_c[2004]
300 _a76 p. :
_bprincipalmente il. col. ;
_c23 cm
336 _2rdacontent
_aTexto
337 _2rdamedia
_asin mediación
338 _2rdacarrier
_avolumen
500 _aCatalogación provisional. Signatura: N 8545. Depósito J.
600 0 _aVelasco, Francisco,
_d1955-
_2embne
_9233853
655 7 _9193628
_aCatálogos de exposiciones
700 1 _aDíaz González, María del Mar,
_d1956-
_9233855
700 1 _aMartínez Moro, Juan,
_d1960-
_9233856
700 _aRodríguez, Ángel Antonio,
_d1967-
_9233857
710 2 _aMuseo Juan Barjola
_95886
852 _aES-MaACL
_cDEPOJ
_jN 8545
_zEn proceso
_9200350
942 _n0
_cMONOGRAFIA
999 _c193045
_d193045